| 000 | 00982nam a2200289 i 4500 | ||
|---|---|---|---|
| 001 | bg | ||
| 003 | BPK | ||
| 005 | 20191104143650.0 | ||
| 008 | 980515s1998 pl a f f |001 0 pol | ||
| 015 | _aPB 1998/5337 | ||
| 020 | _a8301009330 | ||
| 040 |
_aWA N _cBPK |
||
| 080 | _a514.18 | ||
| 080 | _a(075.8) | ||
| 100 | 1 |
_aOtto, Franciszek _d(1904-2000). _eAutor |
|
| 245 | 0 | 0 |
_aPodręcznik geometrii wykreślnej : _btreść / _cFranciszek Otto, Edward Otto. |
| 250 | _aWyd. 7. | ||
| 260 |
_aWarszawa : _bWydaw. Naukowe PWN, _c1998. |
||
| 300 |
_a416 s. : _brys., wykr. ; _c24 cm + _eAnaglify : [4], 101, [1] s. : rys. kolor. |
||
| 504 | _aIndeksy. | ||
| 655 | 4 | _aPodręczniki akademickie | |
| 650 | 4 | _aGeometria wykreślna | |
| 700 | 1 |
_aOtto, Edward _d(1908-1986) _eAutor |
|
| 710 | 2 |
_aWydawnictwo Naukowe PWN _4pbl. |
|
| 856 |
_uhttp://koha.tu.koszalin.pl/cgi-bin/koha/opac-detail.pl?biblionumber=2025 _yKatalog online BPK |
||
| 942 |
_2UKD _cKS |
||
| 999 |
_c37566 _d37566 |
||